[Event "FIN-chT 1617"]
[Site "Finland"]
[Date "2017.02.05"]
[Round "8.8"]
[White "Tauriainen, Marko"]
[Black "Kivilahti, Rami"]
[Result "1-0"]
[WhiteElo "2123"]
[BlackElo "2015"]
[PlyCount "95"]
[EventDate "2016.09.17"]
[EventType "team-tourn"]
[EventRounds "11"]
[EventCountry "FIN"]
[SourceTitle "EXT 2022"]
[Source "ChessBase"]
[SourceDate "2021.10.06"]
[SourceVersion "1"]
[SourceVersionDate "2021.10.06"]
[SourceQuality "1"]
[WhiteTeam "Helsinki KS 58"]
[BlackTeam "Helsinki Aatos"]
[WhiteTeamCountry "FIN"]
[BlackTeamCountry "FIN"]

1. e4 c6 2. Nc3 d5 3. Qf3 e6 4. Qg3 Ne7 5. d3 Ng6 6. h4 h6 7. h5 Ne7 8. Be2 Na6 9. Nf3 d4 10. Nb1 c5 11. 0-0 f6 12. Nh4 Qc7 13. Bf4 e5 14. Bd2 Be6 15. c3 Qb6 16. b3 0-0-0 17. cxd4 cxd4 18. f4 Qd6 19. b4 Kb8 20. fxe5 fxe5 21. Na3 Nc7 22. Rac1 Rc8 23. Nc4 Bxc4 24. Rxc4 Ne6 25. Nf5 Nxf5 26. Rxf5 Rxc4 27. dxc4 Ka8 28. Qxe5 Qa6 29. Bf4 Bxb4 30. Bg3 Rd8 31. Qb5 Qxb5 32. Rxb5 Bd2 33. Rd5 Be3+ 34. Kh2 Re8 35. Bg4 Nf4 36. Rd7 Rg8 37. e5 a6 38. e6 Re8 39. e7 Ka7 40. Bf3 Kb6 41. Rxb7+ Kc5 42. Rd7 Ne6 43. Bd5 Nf4 44. Bf7 d3 45. Bxe8 d2 46. Bf7 Bd4 47. Rxd4 Kxd4 48. e8Q 1-0

[Event "Hamina Bastioni op"]
[Site "Hamina"]
[Date "2016.09.25"]
[Round "5"]
[White "Johansson, Jukka"]
[Black "Tauriainen, Marko"]
[Result "1/2-1/2"]
[WhiteElo "2138"]
[BlackElo "2123"]
[PlyCount "65"]
[EventDate "2016.09.23"]
[EventType "swiss"]
[EventRounds "5"]
[EventCountry "FIN"]
[SourceTitle "CBM 174 Extra"]
[Source "ChessBase"]
[SourceDate "2016.10.10"]
[SourceVersion "1"]
[SourceVersionDate "2016.10.10"]
[SourceQuality "1"]

1. d4 e6 2. c4 f5 3. g3 Nf6 4. Bg2 c6 5. Nd2 d5 6. Nh3 Bd6 7. 0-0 0-0 8. Qc2 Bd7 9. Nf3 Ne4 10. b3 Qe7 11. Nf4 Be8 12. Nd3 Nd7 13. Bb2 Bh5 14. Nfe5 Nxe5 15. dxe5 Bc7 16. f3 Bb6+ 17. Kh1 Ng5 18. h4 Nf7 19. Nf4 g6 20. a4 Rfe8 21. Rfd1 Be3 22. Nxh5 gxh5 23. Rd3 Bh6 24. e3 Bg7 25. f4 Nh6 26. Ba3 Qf7 27. Bd6 Qg6 28. Qf2 Kh8 29. Bf3 Rg8 30. Rg1 Bf8 31. c5 Ng4 32. Qe2 Qe8 33. b4 1/2-1/2

[Event "Hamina Bastioni op"]
[Site "Hamina"]
[Date "2016.09.24"]
[Round "2"]
[White "Lehtosaari, Mauri"]
[Black "Tauriainen, Marko"]
[Result "1-0"]
[WhiteElo "2128"]
[BlackElo "2123"]
[PlyCount "73"]
[EventDate "2016.09.23"]
[EventType "swiss"]
[EventRounds "5"]
[EventCountry "FIN"]
[SourceTitle "CBM 174 Extra"]
[Source "ChessBase"]
[SourceDate "2016.10.10"]
[SourceVersion "1"]
[SourceVersionDate "2016.10.10"]
[SourceQuality "1"]

1. e4 e5 2. Nf3 Nc6 3. Bb5 a6 4. Ba4 Nf6 5. d3 d6 6. h3 g6 7. Bg5 Bg7 8. Qd2 h6 9. Bxf6 Qxf6 10. Nc3 0-0 11. Bb3 Ne7 12. Nh2 c6 13. Ng4 Bxg4 14. hxg4 Rad8 15. a4 d5 16. a5 Rd7 17. Ra4 Qd6 18. f3 Rfd8 19. Qf2 f6 20. g3 Kh7 21. f4 Re8 22. f5 g5 23. Qh2 Qc5 24. Ke2 Rf8 25. Qh5 Rdd8 26. Raa1 Rd7 27. Rh2 Rdd8 28. Rah1 Rd7 29. exd5 cxd5 30. Ne4 Qxa5 31. Qh3 Qb6 32. Qh5 Qc7 33. Nc3 Qc6 34. Kd1 Rdd8 35. Kc1 Qe8 36. Qxh6+ Kg8 37. Qxg7+ 1-0

[Event "Hamina Bastioni op"]
[Site "Hamina"]
[Date "2016.09.23"]
[Round "1"]
[White "Tauriainen, Marko"]
[Black "Luukkonen, Tommi"]
[Result "0-1"]
[WhiteElo "2123"]
[BlackElo "2354"]
[PlyCount "58"]
[EventDate "2016.09.23"]
[EventType "swiss"]
[EventRounds "5"]
[EventCountry "FIN"]
[SourceTitle "CBM 174 Extra"]
[Source "ChessBase"]
[SourceDate "2016.10.10"]
[SourceVersion "1"]
[SourceVersionDate "2016.10.10"]
[SourceQuality "1"]

1. Nf3 c5 2. d4 cxd4 3. Nxd4 d5 4. c4 e5 5. Nf3 d4 6. a3 Nc6 7. e3 Bg4 8. Be2 Nf6 9. Nxd4 Nxd4 10. exd4 Qxd4 11. Bxg4 Nxg4 12. Qxd4 exd4 13. Bf4 0-0-0 14. 0-0 Bd6 15. Bxd6 Rxd6 16. Re1 Rf6 17. Re2 Rd8 18. h3 d3 19. Rd2 Ne5 20. b3 Ng6 21. Nc3 Nf4 22. g3 Nxh3+ 23. Kg2 Ng5 24. Rad1 Nf3 25. Rb2 g5 26. Nd5 Rxd5 27. cxd5 g4 28. Rbd2 Nxd2 29. Rxd2 Rf3 0-1